000 00230nam a2200097Ia 4500
008 240331s9999 xx 000 0 und d
082 _bKEE
100 _aKeethaponkalan,S.I
245 0 _aElangaine enamothalum samathanamum
942 _cL
999 _c4624
_d4624